000 005620000a22002050004500
999 _c48831
_d48831
001 1673
003 CO-MdFUSB
005 20180309174808.0
008 180309b xxu||||| |||| 00| 0 eng d
020 _a84-261-3444-0
040 _cCO-MdBIC
082 0 4 _a868H L643m
100 1 _aLindgren, Astrid
245 1 0 _aMío, mi peueño mio / Astrid Lindgren ; ilustraciones de Ilon Wikland ; Traducción de Herminia dauer
250 _a1a ed.
260 _aBarcelona : Editorial Juventud, S.A.
300 _a[143 P.]
650 1 4 _aNovela juvenil
942 _cLGB